Propuesta de ordenamiento territorial y zonificación ambiental para el desarrollo sostenible del cantón de La Unión
Gorde:
| Egile nagusia: | |
|---|---|
| Formatua: | Liburua |
| Argitaratua: |
San José, C.R.
2002
|
| Gaiak: | |
| Etiketak: |
Etiketa erantsi
Etiketarik gabe, Izan zaitez lehena erregistro honi etiketa jartzen!
|
MARC
| LEADER | 00000nam a2200000Ia 4500 | ||
|---|---|---|---|
| 003 | 008832 | ||
| 005 | 20221231144159.0 | ||
| 008 | 140114s2002 cr a m 000 ||s d | ||
| 040 | |c cru CEDI | ||
| 090 | |a TFG 4392 | ||
| 100 | |a Cruz Torres, Manuel Mauricio |9 7612 | ||
| 245 | |a Propuesta de ordenamiento territorial y zonificación ambiental para el desarrollo sostenible del cantón de La Unión | ||
| 260 | |c 2002 |a San José, C.R. | ||
| 300 | |a xiii, 225 hojas : ilustraciones a color, mapas | ||
| 500 | |a Tesis (licenciatura en ingeniería civil)--Universidad de Costa Rica. Facultad de Ingeniería. Escuela de Ingeniería Civil | ||
| 650 | |x ORDENAMIENTO TERRITORIAL |x SISTEMAS DE INFORMACION GEOGRAFICA |x ZONAS URBANAS |x LA UNION (CARTAGO, COSTA RICA) |x CONSERVACION DE LOS RECURSOS NATURALES |x ASPECTOS AMBIENTALES |x LA UNION (CARTAGO, COSTA RICA) |9 7613 | ||
| 942 | |c TFG | ||
| 999 | |c 18047 |d 18047 | ||
